Statistiques concernant Pays africains par deux premières lettres en 30 secondes

Cliquez ici pour prendre le quiz!

Statistiques générales

  • Ce quiz a été pris 674 fois
  • Le résultat moyen est 35 sur 54

Réponses sur la Carte

Les réponses sont colorées sur une échelle allant du rouge au vert en fonction du pourcentage des utilisateurs qui les ont devinées à leur premier essai. Vous pouvez retrouver ces pourcentages ci-dessous.
 

Statistiques - réponses

pays% Correct
Île Maurice
98%
Madagascar
98%
Malawi
98%
Mali
98%
Maroc
98%
Mauritanie
98%
Algérie
95%
Égypte
90%
Congo
89%
Rép dém du
Congo
89%
Somalie
86%
Soudan
86%
Soudan du Sud
86%
Liberia
85%
Libye
85%
Comores
84%
Côte d'Ivoire
84%
Tunisie
84%
Afrique du Sud
83%
Niger
74%
Nigeria
74%
Éthiopie
66%
Tchad
66%
Sénégal
61%
Seychelles
61%
Angola
60%
Cabo Verde
58%
Cameroun
58%
Érythrée
58%
Guinée
57%
Guinée-Bissau
57%
Guinée équatoriale
57%
Gabon
56%
Gambie
56%
Namibie
53%
Burkina Faso
50%
Burundi
50%
Ghana
50%
Zambie
50%
Kenya
49%
Mozambique
49%
République
Centrafricaine
48%
Tanzanie
48%
Togo
48%
Zimbabwe
47%
Bénin
45%
Lesotho
44%
Djibouti
42%
Botswana
40%
Eswatini
37%
Ouganda
33%
Rwanda
32%
Sierra Leone
30%
Sao Tomé-et-
Principe
23%

Distribution des résultats

Percentile par nombre de réponses

% des personnes avec chaque résultat

Votre développement - résultats

Vous n’avez pas pris ce quiz